| 000 | 00389nam a22001217a 4500 | ||
|---|---|---|---|
| 008 | 160613b xxu||||| |||| 00| 0 eng d | ||
| 020 | _a9780132324410 | ||
| 020 | _a0132324415 | ||
| 041 | _aeng | ||
| 080 | _a618.2 | ||
| 245 |
_aClinical handbook for olds' / Maternal-Newborn nursing & women's health across the lifespan: _cMichele R. Davidson; Patricia A. Wieland Ladewig; |
||
| 942 |
_2udc _cBK |
||
| 999 |
_c2459 _d2459 |
||